Public Finance and Taxation (Record no. 6607)
[ view plain ]
| 005 - DATE AND TIME OF LATEST TRANSACTION | |
|---|---|
| control field | 20250708152432.0 |
| 020 ## - INTERNATIONAL STANDARD BOOK NUMBER | |
| International Standard Book Number | 978-9976-78-076-5 |
| 082 ## - DEWEY DECIMAL CLASSIFICATION NUMBER | |
| Classification number | 658 NBA |
| 111 ## - MAIN ENTRY--MEETING NAME | |
| Meeting name or jurisdiction name as entry element | NBA |
| 245 ## - TITLE STATEMENT | |
| Title | Public Finance and Taxation |
| 260 ## - PUBLICATION, DISTRIBUTION, ETC. | |
| Place of publication, distribution, etc. | Dar es salaam |
| Name of publisher, distributor, etc. | Tanzania Printing Services Ltd |
| Date of publication, distribution, etc. | 2000 |
| 300 ## - PHYSICAL DESCRIPTION | |
| Extent | 458p. |
| Other physical details | Include illustration |
| Dimensions | 24cm |
| 942 ## - ADDED ENTRY ELEMENTS (KOHA) | |
| Source of classification or shelving scheme | Dewey Decimal Classification |
| Koha item type | Books |
| Date last seen | Total checkouts | Full call number | Barcode | Cost, replacement price | Price effective from | Koha item type | Lost status | Source of classification or shelving scheme | Damaged status | Not for loan | Withdrawn status | Home library | Current library | Shelving location | Date acquired | Source of acquisition | Cost, normal purchase price |
|---|---|---|---|---|---|---|---|---|---|---|---|---|---|---|---|---|---|
| 07/08/2025 | 338 NBA | MZA0003099 | 150000.00 | 07/08/2025 | Books | Dewey Decimal Classification | CBE Mwanza | CBE Mwanza | General Collection | 07/08/2021 | Donation | 50000.00 | |||||
| 07/16/2025 | 338 NBA | MZA0003320 | 150000.00 | 07/16/2025 | Books | Dewey Decimal Classification | CBE Mwanza | CBE Mwanza | General Collection | 06/27/2025 | NBAA Donation | 50000.00 | |||||
| 07/16/2025 | 338 NBA | MZA0003321 | 150000.00 | 07/16/2025 | Books | Dewey Decimal Classification | CBE Mwanza | CBE Mwanza | General Collection | 06/27/2025 | NBAA Donation | 50000.00 | |||||
| 07/16/2025 | 338 NBA | MZA0003322 | 150000.00 | 07/16/2025 | Books | Dewey Decimal Classification | CBE Mwanza | CBE Mwanza | General Collection | 06/27/2025 | NBAA Donation | 50000.00 | |||||
| 07/16/2025 | 338 NBA | MZA0003323 | 150000.00 | 07/16/2025 | Books | Dewey Decimal Classification | CBE Mwanza | CBE Mwanza | General Collection | 06/27/2025 | NBAA Donation | 50000.00 | |||||
| 07/16/2025 | 338 NBA | MZA0003324 | 150000.00 | 07/16/2025 | Books | Dewey Decimal Classification | CBE Mwanza | CBE Mwanza | General Collection | 06/27/2025 | NBAA Donation | 50000.00 | |||||
| 07/16/2025 | 338 NBA | MZA0003325 | 150000.00 | 07/16/2025 | Books | Dewey Decimal Classification | CBE Mwanza | CBE Mwanza | General Collection | 06/27/2025 | NBAA Donation | 50000.00 | |||||
| 07/16/2025 | 338 NBA | MZA0003326 | 150000.00 | 07/16/2025 | Books | Dewey Decimal Classification | CBE Mwanza | CBE Mwanza | General Collection | 06/27/2025 | NBAA Donation | 50000.00 |
